Heating and cooling of buildings : design for efficiency/ Jan F. Kreider, Ari Rabl. (Record no. 3143)
| 000 -LEADER | |
|---|---|
| fixed length control field | 00730nam a22001817a 4500 |
| 020 ## - INTERNATIONAL STANDARD BOOK NUMBER | |
| ISBN | 0071134387 |
| 082 ## - DEWEY DECIMAL CLASSIFICATION NUMBER | |
| Classification number | 697 |
| Item number | K9219 1994 |
| 100 ## - MAIN ENTRY--AUTHOR NAME | |
| Personal name | Kreider, Jan F.,author. |
| 245 ## - TITLE STATEMENT | |
| Title | Heating and cooling of buildings : design for efficiency/ Jan F. Kreider, Ari Rabl. |
| 260 ## - PUBLICATION, DISTRIBUTION, ETC. (IMPRINT) | |
| Place of publication | New York : |
| Name of publisher | McGraw-Hill, |
| Year of publication | c1994. |
| 300 ## - PHYSICAL DESCRIPTION | |
| Number of Pages | xvii, 890 pages : |
| Other physical details | illustrations ; 23 cm. |
| 500 ## - GENERAL NOTE | |
| General note | Includes bibliographical references and index. |
| 650 ## - SUBJECT ADDED ENTRY--TOPICAL TERM | |
| Topical Term | Heating – Equipment and supplies – Design and construction. |
| 650 ## - SUBJECT ADDED ENTRY--TOPICAL TERM | |
| Topical Term | Ventilation – Equipment and supplies – Design and construction. |
| 650 ## - SUBJECT ADDED ENTRY--TOPICAL TERM | |
| Topical Term | Air conditioning – Equipment and supplies – Design and construction. |
| 700 ## - ADDED ENTRY--PERSONAL NAME | |
| Personal name | Rabl, Ari. |
| 942 ## - ADDED ENTRY ELEMENTS (KOHA) | |
| Koha item type | Books |
| Source of acquisition | Permanent Location | Date acquired | Koha item type | Collection code | Accession Number | Lost status | Shelving location | Withdrawn status | Current Location | Full call number |
|---|---|---|---|---|---|---|---|---|---|---|
| School | Cagayan State University - Carig Library | 2015-01-07 | Books | Applied Sciences | 006036 | General Collection | Cagayan State University - Carig Library | 697 K9219 1994 |